000 00464nam a2200193Ia 4500
005 20240408092534.0
008 131103s9999 xx 000 0 und d
020 _a582523281
040 _aLoreto College
041 _aEnglish
082 _a425
_bALE
100 _aAlexander, L.G.
245 _aPractice and progress
_cL.G.Alexander,
260 _aLondon
_bLongman
_c197
300 _ax,167p.
650 _aEnglish grammer
850 _aLCBED
942 _cBK
999 _c27843
_d78322